Представление документа в формате MARC21

Поле Инд. ПП Название Значение
Тип записи a
Библиографический уровень m
001 Контрольный номер 92c3e6b069ba488cbd7056e35e7b9b30
005 Дата корректировки 20260407151518.0
084 a Индекс другой классификации/Индекс ББК 88
091 i Возрастная адресация (DOS) 16+
097 b Оператор Чирова; Макарчук
245 10 a Заглавие PSYCHOLOGIES / Психолоджис
n Номер части/ раздела 89
260 c Дата издания 2026
500 a Примечание март-апрель
900 a Имя макрообъекта E0041D100131DEA1
901 t Тип документа s